Egy olvasó jegyzeteiből

Elmentve itt :
Bibliográfiai részletek
Szerző: Hungarus Viator
Dokumentumtípus: Cikk
Megjelent: 1941
Sorozat:Magyar lélek : a magyar népművelők országos folyóirata 3 No. 10
Kulcsszavak:Irodalomtudomány
Online Access:http://misc.bibl.u-szeged.hu/1947
LEADER 00595nab a2200169 i 4500
001 misc1947
005 20191106141945.0
008 170607s1941 hu o 0|| hun d
040 |a SZTE Miscellanea Repozitórium  |b hun 
041 |a hun 
100 1 |a Hungarus Viator 
245 1 0 |a Egy olvasó jegyzeteiből  |h [elektronikus dokumentum] /  |c  Hungarus Viator 
260 |c 1941 
300 |a 473-475 
490 0 |a Magyar lélek : a magyar népművelők országos folyóirata  |v 3 No. 10 
695 |a Irodalomtudomány 
856 4 0 |u http://misc.bibl.u-szeged.hu/1947/1/magyar_lelek_003_010_473-475.pdf  |z Dokumentum-elérés